Métodos estadísticos : control y mejora de la calidad /
Contiene: el entorno de la calidad total, herramientas básicas para la mejora de la calidad, causas y medidas de la variabilidad, modelos probabilísticos, comparación de dos tratamientos, comparación de más de dos tratamientos: análisis de varianza, diseño factoriales, diseños factoriales fraccional...
保存先:
| その他の著者: | |
|---|---|
| フォーマット: | 図書 |
| 言語: | スペイン語 |
| 出版事項: |
Barcelona, España : México :
Universidad Politécnica de Cataluña ; Alfaomega,
2000, c2000
|
| 主題: | |
| タグ: |
タグなし, このレコードへの初めてのタグを付けませんか!
|
MARC
| LEADER | 00000nam^a2200000^a^4500 | ||
|---|---|---|---|
| 001 | 000151105 | ||
| 005 | 20250521000000.0 | ||
| 009 | 20260310100200.456 | ||
| 020 | |a 84-8301-222-7 | ||
| 020 | |a 970-15-0452-6 | ||
| 037 | |a Acervo ITESO - Biblioteca | ||
| 041 | |a ESP | ||
| 082 | |a 620. 0045 |b MET | ||
| 245 | 1 | 0 | |a Métodos estadísticos : |b control y mejora de la calidad / |c Albert Prat Bartés... [et al.]. |
| 264 | 4 | |a Barcelona, España : |b Universidad Politécnica de Cataluña ; |a México : |b Alfaomega, |c 2000, c2000 | |
| 300 | |a 300 p. | ||
| 336 | |a texto |b txt |2 rdacontenido | ||
| 337 | |a sin mediación |b n |2 rdamedio | ||
| 338 | |a volumen |b nc |2 rdasoporte | ||
| 520 | |a Contiene: el entorno de la calidad total, herramientas básicas para la mejora de la calidad, causas y medidas de la variabilidad, modelos probabilísticos, comparación de dos tratamientos, comparación de más de dos tratamientos: análisis de varianza, diseño factoriales, diseños factoriales fraccionales, introducción a la metodología de superficie de respuesta, diseño de productos robustos, control estadístico de procesos. | ||
| 649 | |a XX | ||
| 650 | |a Optimización | ||
| 650 | |a Confiabilidad | ||
| 650 | |a Calidad del Producto | ||
| 650 | |a Control de Calidad | ||
| 650 | |a Estadística | ||
| 650 | |a Diseño Industrial | ||
| 650 | |a Ingeniería Industrial | ||
| 700 | |a Prat Bartés, Albert |e (autor) | ||
| 910 | |a Fondo General | ||
| 920 | |a Impresos - Libros | ||
| 930 | |a Colección General | ||
| 905 | |a 101 | ||
| 901 | |a 0500080249 |b IT1 |c ACC |u 20250521 | ||
| 902 | |a https://opac.biblio.iteso.mx/vufind/Record/000151105 | ||